[Event "Deutsche Ländermeisterschaft 2023"]
[Site "Hannover GER"]
[Date "2023.10.03"]
[Round "5"]
[White "Chandrasekher, Ritu"]
[Black "Sheng, Ming"]
[Result "0-1"]
[Termination "normal"]
[Board "7.6"]
[WhiteElo "1344"]
[BlackElo "1705"]
[WhiteClock "00:43:38"]
[BlackClock "00:08:03"]
[WhiteTeam "Mecklenburg-Vorpommern"]
[BlackTeam "Saarland & Friends"]
[PlyCount "134"]
[WhiteFideId "34609024"]
[BlackFideId "34605258"]
[EventCountry "GER"]
[EventRounds "7"]
[EventType "team-swiss"]
[EventDate "2023.09.30"]

1. e4 {[%clk 01:30:56]} {[%emt 00:00:03]} c6 {[%clk 01:30:45]} {[%emt
00:00:15]} 2. d4 {[%clk 01:31:18]} {[%emt 00:00:07]} d5 {[%clk 01:31:11]}
{[%emt 00:00:04]} 3. e5 {[%clk 01:31:34]} {[%emt 00:00:15]} Bf5 {[%clk
01:31:31]} {[%emt 00:00:10]} 4. h4 {[%clk 01:31:47]} {[%emt 00:00:16]} h5
{[%clk 01:31:55]} {[%emt 00:00:06]} 5. Bd3 {[%clk 01:31:50]} {[%emt 00:00:27]}
Bxd3 {[%clk 01:32:13]} {[%emt 00:00:13]} 6. Qxd3 {[%clk 01:32:04]} {[%emt
00:00:15]} e6 {[%clk 01:32:36]} {[%emt 00:00:07]} 7. Nf3 {[%clk 01:32:10]}
{[%emt 00:00:24]} c5 {[%clk 01:31:22]} {[%emt 00:01:45]} 8. dxc5 {[%clk
01:31:30]} {[%emt 00:01:09]} Qa5+ {[%clk 01:27:38]} {[%emt 00:04:14]} 9. c3
{[%clk 01:31:17]} {[%emt 00:00:43]} Qxc5 {[%clk 01:27:59]} {[%emt 00:00:09]}
10. Be3 {[%clk 01:31:18]} {[%emt 00:00:28]} Qc7 {[%clk 01:28:07]} {[%emt
00:00:22]} 11. O-O {[%clk 01:30:58]} {[%emt 00:00:46]} Nc6 {[%clk 01:26:56]}
{[%emt 00:01:46]} 12. Bf4 {[%clk 01:29:38]} {[%emt 00:01:48]} Nge7 {[%clk
01:24:03]} {[%emt 00:03:25]} 13. Re1 {[%clk 01:29:02]} {[%emt 00:01:04]} Ng6
{[%clk 01:24:17]} {[%emt 00:00:18]} 14. Bg3 {[%clk 01:29:14]} {[%emt 00:00:19]}
Be7 {[%clk 01:24:16]} {[%emt 00:00:32]} 15. Nbd2 {[%clk 01:28:30]} {[%emt
00:01:12]} a6 {[%clk 01:21:45]} {[%emt 00:03:02]} 16. a4 {[%clk 01:25:52]}
{[%emt 00:03:08]} O-O {[%clk 01:14:01]} {[%emt 00:08:14]} 17. Nb3 {[%clk
01:23:38]} {[%emt 00:02:42]} Qd8 {[%clk 01:08:22]} {[%emt 00:06:11]} 18. Nbd4
{[%clk 01:20:38]} {[%emt 00:03:29]} Nxh4 {[%clk 01:01:46]} {[%emt 00:07:07]}
19. Bxh4 {[%clk 01:18:07]} {[%emt 00:03:01]} Bxh4 {[%clk 00:59:40]} {[%emt
00:02:37]} 20. Nxh4 {[%clk 01:18:22]} {[%emt 00:00:14]} Qxh4 {[%clk 00:59:55]}
{[%emt 00:00:15]} 21. Nf3 {[%clk 01:18:15]} {[%emt 00:00:36]} Qc4 {[%clk
00:57:03]} {[%emt 00:03:22]} 22. Qb1 {[%clk 01:16:25]} {[%emt 00:02:21]} g6
{[%clk 00:54:18]} {[%emt 00:03:16]} 23. Ng5 {[%clk 01:15:46]} {[%emt 00:01:08]}
Qg4 {[%clk 00:53:31]} {[%emt 00:01:17]} 24. Qc1 {[%clk 01:14:07]} {[%emt
00:02:09]} Qf5 {[%clk 00:50:19]} {[%emt 00:03:42]} 25. Nf3 {[%clk 01:11:55]}
{[%emt 00:02:41]} Kg7 {[%clk 00:48:18]} {[%emt 00:02:32]} 26. Nh4 {[%clk
01:10:52]} {[%emt 00:01:31]} Qg4 {[%clk 00:47:40]} {[%emt 00:01:11]} 27. Nf3
{[%clk 01:09:11]} {[%emt 00:02:11]} Rh8 {[%clk 00:43:41]} {[%emt 00:04:28]} 28.
Nh2 {[%clk 01:08:10]} {[%emt 00:01:32]} Qf5 {[%clk 00:43:27]} {[%emt 00:00:44]}
29. Nf3 {[%clk 01:08:09]} {[%emt 00:00:31]} h4 {[%clk 00:42:19]} {[%emt
00:01:39]} 30. Re3 {[%clk 01:06:30]} {[%emt 00:02:09]} Rh5 {[%clk 00:38:54]}
{[%emt 00:03:55]} 31. Qe1 {[%clk 01:03:56]} {[%emt 00:03:03]} Rah8 {[%clk
00:37:45]} {[%emt 00:01:41]} 32. Rc1 {[%clk 01:00:13]} {[%emt 00:04:11]} Qg4
{[%clk 00:34:58]} {[%emt 00:03:17]} 33. Nh2 {[%clk 00:58:36]} {[%emt 00:02:07]}
Qxa4 {[%clk 00:35:21]} {[%emt 00:00:09]} 34. b4 {[%clk 00:57:22]} {[%emt
00:01:43]} Qb5 {[%clk 00:32:39]} {[%emt 00:03:12]} 35. Ng4 {[%clk 00:53:18]}
{[%emt 00:04:33]} Rf5 {[%clk 00:27:04]} {[%emt 00:06:06]} 36. Nf6 {[%clk
00:52:12]} {[%emt 00:01:36]} Nxe5 {[%clk 00:25:15]} {[%emt 00:02:19]} 37. Rxe5
{[%clk 00:52:20]} {[%emt 00:00:21]} Kxf6 {[%clk 00:24:36]} {[%emt 00:01:10]}
38. Re3 {[%clk 00:52:11]} {[%emt 00:00:39]} Kg7 {[%clk 00:24:31]} {[%emt
00:00:35]} 39. c4 {[%clk 00:51:01]} {[%emt 00:01:39]} dxc4 {[%clk 00:24:08]}
{[%emt 00:00:53]} 40. Qc3+ {[%clk 00:51:12]} {[%emt 00:00:19]} Kg8 {[%clk
00:22:44]} {[%emt 00:01:53]} 41. Rd1 {[%clk 00:51:02]} {[%emt 00:00:41]} Rd5
{[%clk 00:22:37]} {[%emt 00:00:37]} 42. Rde1 {[%clk 00:50:25]} {[%emt
00:01:07]} Qc6 {[%clk 00:20:36]} {[%emt 00:02:31]} 43. Rf3 {[%clk 00:48:09]}
{[%emt 00:02:45]} Rhh5 {[%clk 00:18:01]} {[%emt 00:03:06]} 44. Qf6 {[%clk
00:47:14]} {[%emt 00:01:23]} Rhf5 {[%clk 00:17:52]} {[%emt 00:00:41]} 45. Rxf5
{[%clk 00:47:09]} {[%emt 00:00:35]} Rxf5 {[%clk 00:18:08]} {[%emt 00:00:13]}
46. Qxh4 {[%clk 00:47:24]} {[%emt 00:00:15]} c3 {[%clk 00:15:49]} {[%emt
00:02:50]} 47. Qd8+ {[%clk 00:47:00]} {[%emt 00:00:53]} Kg7 {[%clk 00:15:55]}
{[%emt 00:00:24]} 48. Qd4+ {[%clk 00:47:19]} {[%emt 00:00:11]} e5 {[%clk
00:16:16]} {[%emt 00:00:11]} 49. Rxe5 {[%clk 00:46:58]} {[%emt 00:00:51]} Rxe5
{[%clk 00:15:49]} {[%emt 00:00:57]} 50. Qxe5+ {[%clk 00:47:20]} {[%emt
00:00:07]} Qf6 {[%clk 00:16:07]} {[%emt 00:00:12]} 51. Qe2 {[%clk 00:47:08]}
{[%emt 00:00:41]} Qd4 {[%clk 00:16:03]} {[%emt 00:00:35]} 52. g3 {[%clk
00:47:07]} {[%emt 00:00:31]} Qxb4 {[%clk 00:15:08]} {[%emt 00:01:26]} 53. Qe5+
{[%clk 00:47:16]} {[%emt 00:00:20]} Kg8 {[%clk 00:15:31]} {[%emt 00:00:07]} 54.
Qb8+ {[%clk 00:47:26]} {[%emt 00:00:21]} Kh7 {[%clk 00:12:05]} {[%emt
00:03:55]} 55. Qc7 {[%clk 00:45:23]} {[%emt 00:02:33]} Qb3 {[%clk 00:11:44]}
{[%emt 00:00:48]} 56. g4 {[%clk 00:44:09]} {[%emt 00:01:47]} Qe6 {[%clk
00:08:26]} {[%emt 00:03:43]} 57. Qh2+ {[%clk 00:43:22]} {[%emt 00:01:23]} Kg7
{[%clk 00:08:27]} {[%emt 00:00:29]} 58. Qg3 {[%clk 00:43:38]} {[%emt 00:00:13]}
Qf6 {[%clk 00:07:14]} {[%emt 00:01:44]} 59. g5 {[%clk 00:43:27]} {[%emt
00:00:40]} Qd4 {[%clk 00:07:23]} {[%emt 00:00:21]} 60. Qc7 {[%clk 00:42:45]}
{[%emt 00:01:13]} b5 {[%clk 00:07:36]} {[%emt 00:00:18]} 61. Kf1 {[%clk
00:42:41]} {[%emt 00:00:33]} b4 {[%clk 00:07:23]} {[%emt 00:00:43]} 62. Ke1
{[%clk 00:42:45]} {[%emt 00:00:26]} b3 {[%clk 00:07:39]} {[%emt 00:00:14]} 63.
Qb8 {[%clk 00:42:59]} {[%emt 00:00:16]} b2 {[%clk 00:07:53]} {[%emt 00:00:16]}
64. Kf1 {[%clk 00:43:21]} {[%emt 00:00:07]} c2 {[%clk 00:08:17]} {[%emt
00:00:07]} 65. Kg2 {[%clk 00:43:41]} {[%emt 00:00:09]} c1=Q {[%clk 00:07:50]}
{[%emt 00:00:57]} 66. Qg3 {[%clk 00:43:54]} {[%emt 00:00:17]} b1=Q {[%clk
00:08:03]} {[%emt 00:00:17]} 67. f3 {[%clk 00:43:38]} {[%emt 00:00:46]} Qh1#
{[%emt 00:00:03]} 0-1

[Event "Deutsche Ländermeisterschaft 2023"]
[Site "Hannover GER"]
[Date "2023.10.03"]
[Round "5"]
[White "Färber, Anna"]
[Black "Schröder, Hannes Artur"]
[Result "1/2-1/2"]
[Termination "normal"]
[Board "7.7"]
[WhiteElo "1309"]
[BlackElo "1261"]
[WhiteClock "00:47:34"]
[BlackClock "00:55:22"]
[WhiteTeam "Saarland & Friends"]
[BlackTeam "Mecklenburg-Vorpommern"]
[PlyCount "57"]
[WhiteFideId "34633480"]
[BlackFideId "34608818"]
[EventCountry "GER"]
[EventRounds "7"]
[EventType "team-swiss"]
[EventDate "2023.09.30"]

1. e4 {[%clk 01:30:57]} {[%emt 00:00:02]} e5 {[%clk 01:30:52]} {[%emt
00:00:09]} 2. Nf3 {[%clk 01:31:24]} {[%emt 00:00:03]} Nc6 {[%clk 01:31:12]}
{[%emt 00:00:09]} 3. Bc4 {[%clk 01:31:51]} {[%emt 00:00:03]} Bc5 {[%clk
01:31:25]} {[%emt 00:00:18]} 4. O-O {[%clk 01:32:11]} {[%emt 00:00:08]} Nf6
{[%clk 01:31:16]} {[%emt 00:00:41]} 5. d4 {[%clk 01:32:36]} {[%emt 00:00:06]}
Bxd4 {[%clk 01:30:05]} {[%emt 00:01:40]} 6. Nxd4 {[%clk 01:33:00]} {[%emt
00:00:06]} Nxd4 {[%clk 01:30:18]} {[%emt 00:00:16]} 7. f4 {[%clk 01:33:23]}
{[%emt 00:00:07]} d6 {[%clk 01:29:12]} {[%emt 00:01:37]} 8. fxe5 {[%clk
01:33:49]} {[%emt 00:00:04]} dxe5 {[%clk 01:29:27]} {[%emt 00:00:15]} 9. Bg5
{[%clk 01:34:12]} {[%emt 00:00:07]} Be6 {[%clk 01:22:42]} {[%emt 00:07:14]} 10.
Bxf6 {[%clk 01:27:01]} {[%emt 00:07:42]} gxf6 {[%clk 01:22:56]} {[%emt
00:00:16]} 11. Bxe6 {[%clk 01:26:36]} {[%emt 00:00:55]} Nxe6 {[%clk 01:22:34]}
{[%emt 00:00:53]} 12. Qxd8+ {[%clk 01:25:51]} {[%emt 00:01:14]} Rxd8 {[%clk
01:22:51]} {[%emt 00:00:13]} 13. Rxf6 {[%clk 01:25:43]} {[%emt 00:00:37]} Rd1+
{[%clk 01:23:04]} {[%emt 00:00:18]} 14. Rf1 {[%clk 01:24:50]} {[%emt 00:01:22]}
Rxf1+ {[%clk 01:22:31]} {[%emt 00:01:04]} 15. Kxf1 {[%clk 01:25:13]} {[%emt
00:00:06]} Nd4 {[%clk 01:22:50]} {[%emt 00:00:12]} 16. Na3 {[%clk 01:25:10]}
{[%emt 00:00:32]} a6 {[%clk 01:20:14]} {[%emt 00:03:07]} 17. c3 {[%clk
01:20:42]} {[%emt 00:04:56]} Nc6 {[%clk 01:17:41]} {[%emt 00:03:05]} 18. Nc4
{[%clk 01:18:40]} {[%emt 00:02:32]} Ke7 {[%clk 01:17:04]} {[%emt 00:01:07]} 19.
Ne3 {[%clk 01:15:29]} {[%emt 00:03:41]} Ke6 {[%clk 01:12:59]} {[%emt 00:04:35]}
20. Rd1 {[%clk 01:13:30]} {[%emt 00:02:28]} Ne7 {[%clk 01:11:19]} {[%emt
00:02:11]} 21. Ke2 {[%clk 01:08:11]} {[%emt 00:05:49]} c6 {[%clk 01:09:40]}
{[%emt 00:02:09]} 22. Nc4 {[%clk 01:07:28]} {[%emt 00:01:13]} Nc8 {[%clk
01:08:09]} {[%emt 00:02:01]} 23. Kf3 {[%clk 01:04:49]} {[%emt 00:03:10]} Rf8
{[%clk 01:03:50]} {[%emt 00:04:49]} 24. g4 {[%clk 01:03:17]} {[%emt 00:02:01]}
f6 {[%clk 01:02:33]} {[%emt 00:01:47]} 25. Rd2 {[%clk 00:56:08]} {[%emt
00:07:37]} h6 {[%clk 00:59:09]} {[%emt 00:03:56]} 26. h3 {[%clk 00:52:32]}
{[%emt 00:04:06]} Ke7 {[%clk 00:56:45]} {[%emt 00:02:54]} 27. Kg3 {[%clk
00:50:51]} {[%emt 00:02:11]} Rg8 {[%clk 00:55:17]} {[%emt 00:01:57]} 28. Kf3
{[%clk 00:48:44]} {[%emt 00:02:37]} Ke6 {[%clk 00:55:22]} {[%emt 00:00:26]} 29.
Rd1 {[%clk 00:47:34]} {[%emt 00:01:39]} 1/2-1/2

[Event "Deutsche Ländermeisterschaft 2023"]
[Site "Hannover GER"]
[Date "2023.10.03"]
[Round "5"]
[White "Briese, Sophie"]
[Black "Frydel, Helena"]
[Result "0-1"]
[Termination "normal"]
[Board "7.8"]
[WhiteElo "1240"]
[BlackElo "1159"]
[WhiteClock "00:41:34"]
[BlackClock "00:40:30"]
[WhiteTeam "Mecklenburg-Vorpommern"]
[BlackTeam "Saarland & Friends"]
[PlyCount "70"]
[WhiteFideId "34660305"]
[BlackFideId "16266536"]
[EventCountry "GER"]
[EventRounds "7"]
[EventType "team-swiss"]
[EventDate "2023.09.30"]

1. e4 {[%clk 01:30:56]} {[%emt 00:00:03]} e5 {[%clk 01:30:55]} {[%emt
00:00:06]} 2. Nf3 {[%clk 01:31:21]} {[%emt 00:00:05]} Nf6 {[%clk 01:31:12]}
{[%emt 00:00:13]} 3. Nc3 {[%clk 01:31:44]} {[%emt 00:00:07]} Bb4 {[%clk
01:31:31]} {[%emt 00:00:11]} 4. Nxe5 {[%clk 01:31:29]} {[%emt 00:00:45]} d6
{[%clk 01:31:56]} {[%emt 00:00:06]} 5. Nc4 {[%clk 01:30:42]} {[%emt 00:01:16]}
Bxc3 {[%clk 01:32:11]} {[%emt 00:00:15]} 6. dxc3 {[%clk 01:30:54]} {[%emt
00:00:18]} Nxe4 {[%clk 01:32:24]} {[%emt 00:00:18]} 7. Ne3 {[%clk 01:30:19]}
{[%emt 00:01:04]} O-O {[%clk 01:27:30]} {[%emt 00:05:24]} 8. c4 {[%clk
01:28:56]} {[%emt 00:01:53]} c6 {[%clk 01:19:49]} {[%emt 00:08:12]} 9. Be2
{[%clk 01:26:30]} {[%emt 00:02:55]} Be6 {[%clk 01:16:36]} {[%emt 00:03:43]} 10.
O-O {[%clk 01:23:14]} {[%emt 00:03:45]} Na6 {[%clk 01:11:58]} {[%emt 00:05:09]}
11. Bf3 {[%clk 01:19:23]} {[%emt 00:04:18]} Nf6 {[%clk 01:08:55]} {[%emt
00:03:36]} 12. b3 {[%clk 01:18:58]} {[%emt 00:00:55]} Nc5 {[%clk 01:04:21]}
{[%emt 00:05:04]} 13. Bb2 {[%clk 01:17:36]} {[%emt 00:01:52]} Nfe4 {[%clk
00:58:43]} {[%emt 00:06:08]} 14. Qd4 {[%clk 01:16:39]} {[%emt 00:01:25]} Nf6
{[%clk 00:52:16]} {[%emt 00:06:59]} 15. Ng4 {[%clk 01:13:16]} {[%emt 00:03:51]}
Ncd7 {[%clk 00:49:37]} {[%emt 00:03:11]} 16. Nxf6+ {[%clk 01:12:56]} {[%emt
00:00:50]} Nxf6 {[%clk 00:49:56]} {[%emt 00:00:11]} 17. Be2 {[%clk 01:10:14]}
{[%emt 00:03:12]} Re8 {[%clk 00:48:29]} {[%emt 00:01:57]} 18. Bd3 {[%clk
01:08:53]} {[%emt 00:01:48]} c5 {[%clk 00:46:21]} {[%emt 00:02:40]} 19. Be2
{[%clk 01:05:41]} {[%emt 00:03:42]} cxd4 {[%clk 00:43:17]} {[%emt 00:03:34]}
20. Bxd4 {[%clk 01:04:26]} {[%emt 00:01:45]} Bf5 {[%clk 00:42:54]} {[%emt
00:00:53]} 21. Bd3 {[%clk 01:03:53]} {[%emt 00:01:03]} Bxd3 {[%clk 00:43:08]}
{[%emt 00:00:17]} 22. cxd3 {[%clk 01:04:18]} {[%emt 00:00:05]} a6 {[%clk
00:42:56]} {[%emt 00:00:41]} 23. f4 {[%clk 01:03:41]} {[%emt 00:01:07]} Ng4
{[%clk 00:42:08]} {[%emt 00:01:19]} 24. h3 {[%clk 01:02:17]} {[%emt 00:01:53]}
Ne3 {[%clk 00:42:28]} {[%emt 00:00:09]} 25. Bxe3 {[%clk 00:54:56]} {[%emt
00:07:52]} Rxe3 {[%clk 00:42:50]} {[%emt 00:00:09]} 26. Rad1 {[%clk 00:53:48]}
{[%emt 00:01:38]} Qb6 {[%clk 00:42:40]} {[%emt 00:00:38]} 27. Kh1 {[%clk
00:53:31]} {[%emt 00:00:49]} Rae8 {[%clk 00:42:50]} {[%emt 00:00:19]} 28. d4
{[%clk 00:52:38]} {[%emt 00:01:24]} Qa5 {[%clk 00:42:50]} {[%emt 00:00:31]} 29.
b4 {[%clk 00:46:36]} {[%emt 00:06:32]} Qxb4 {[%clk 00:41:52]} {[%emt 00:01:28]}
30. Rb1 {[%clk 00:46:52]} {[%emt 00:00:14]} Qxc4 {[%clk 00:41:24]} {[%emt
00:00:58]} 31. Rg1 {[%clk 00:46:49]} {[%emt 00:00:33]} Qxd4 {[%clk 00:40:54]}
{[%emt 00:01:00]} 32. f5 {[%clk 00:43:14]} {[%emt 00:04:05]} Qh4 {[%clk
00:40:25]} {[%emt 00:00:57]} 33. Rxb7 {[%clk 00:43:01]} {[%emt 00:00:44]} Re1
{[%clk 00:39:55]} {[%emt 00:00:59]} 34. Rd7 {[%clk 00:41:15]} {[%emt 00:02:18]}
Rxg1+ {[%clk 00:40:08]} {[%emt 00:00:17]} 35. Kxg1 {[%clk 00:41:34]} {[%emt
00:00:10]} Re1+ {[%clk 00:40:30]} {[%emt 00:00:08]} 0-1

[Event "Deutsche Ländermeisterschaft 2023"]
[Site "Hannover GER"]
[Date "2023.10.05"]
[Round "7"]
[White "Dauner, Benedikt"]
[Black "Besou, Hussain"]
[Result "1/2-1/2"]
[Termination "normal"]
[Board "1.1"]
[WhiteTitle "FM"]
[BlackTitle "FM"]
[WhiteElo "2385"]
[BlackElo "2353"]
[WhiteClock "00:14:37"]
[BlackClock "00:14:51"]
[WhiteTeam "Baden"]
[BlackTeam "Nordrhein-Westfalen"]
[PlyCount "84"]
[WhiteFideId "16225899"]
[BlackFideId "16269950"]
[EventCountry "GER"]
[EventRounds "7"]
[EventType "team-swiss"]
[EventDate "2023.09.30"]

1. d4 {[%clk 01:29:55]} {[%emt 00:01:04]} Nf6 {[%clk 01:30:52]} {[%emt
00:00:08]} 2. Nf3 {[%clk 01:30:16]} {[%emt 00:00:10]} d5 {[%clk 01:31:16]}
{[%emt 00:00:06]} 3. Bf4 {[%clk 01:30:32]} {[%emt 00:00:13]} c5 {[%clk
01:31:32]} {[%emt 00:00:14]} 4. e3 {[%clk 01:30:55]} {[%emt 00:00:07]} Nc6
{[%clk 01:31:56]} {[%emt 00:00:05]} 5. Nbd2 {[%clk 01:31:20]} {[%emt 00:00:06]}
e6 {[%clk 01:32:19]} {[%emt 00:00:07]} 6. c3 {[%clk 01:31:37]} {[%emt
00:00:13]} Nh5 {[%clk 01:32:43]} {[%emt 00:00:06]} 7. Bg5 {[%clk 01:31:40]}
{[%emt 00:00:27]} f6 {[%clk 01:33:07]} {[%emt 00:00:06]} 8. Bh4 {[%clk
01:32:05]} {[%emt 00:00:05]} g6 {[%clk 01:33:32]} {[%emt 00:00:05]} 9. Be2
{[%clk 01:30:22]} {[%emt 00:02:13]} cxd4 {[%clk 01:32:48]} {[%emt 00:01:14]}
10. cxd4 {[%clk 01:30:14]} {[%emt 00:00:39]} Be7 {[%clk 01:32:59]} {[%emt
00:00:18]} 11. O-O {[%clk 01:30:18]} {[%emt 00:00:26]} O-O {[%clk 01:33:17]}
{[%emt 00:00:12]} 12. Rc1 {[%clk 01:23:42]} {[%emt 00:07:06]} Bd7 {[%clk
01:32:34]} {[%emt 00:01:13]} 13. Nb3 {[%clk 01:21:28]} {[%emt 00:02:44]} g5
{[%clk 01:14:49]} {[%emt 00:18:15]} 14. Ne1 {[%clk 01:16:52]} {[%emt 00:05:06]}
Ng7 {[%clk 01:13:18]} {[%emt 00:02:02]} 15. Bg3 {[%clk 01:17:11]} {[%emt
00:00:11]} Nf5 {[%clk 01:08:07]} {[%emt 00:05:39]} 16. Nc5 {[%clk 01:17:12]}
{[%emt 00:00:30]} Bxc5 {[%clk 01:08:19]} {[%emt 00:00:18]} 17. Rxc5 {[%clk
01:17:32]} {[%emt 00:00:09]} Nxg3 {[%clk 01:08:39]} {[%emt 00:00:10]} 18. hxg3
{[%clk 01:17:57]} {[%emt 00:00:05]} Rc8 {[%clk 01:06:55]} {[%emt 00:02:14]} 19.
Nd3 {[%clk 01:10:30]} {[%emt 00:07:57]} b6 {[%clk 00:58:27]} {[%emt 00:08:59]}
20. Rc1 {[%clk 01:10:13]} {[%emt 00:00:46]} Qe7 {[%clk 00:55:28]} {[%emt
00:03:30]} 21. Qd2 {[%clk 00:58:49]} {[%emt 00:11:53]} Qd6 {[%clk 00:47:55]}
{[%emt 00:08:03]} 22. Bg4 {[%clk 00:50:20]} {[%emt 00:08:58]} a5 {[%clk
00:43:18]} {[%emt 00:05:07]} 23. Rc2 {[%clk 00:45:35]} {[%emt 00:05:16]} Ne7
{[%clk 00:40:43]} {[%emt 00:03:05]} 24. Rfc1 {[%clk 00:45:31]} {[%emt
00:00:33]} Rxc2 {[%clk 00:40:53]} {[%emt 00:00:22]} 25. Rxc2 {[%clk 00:45:53]}
{[%emt 00:00:07]} Rc8 {[%clk 00:41:15]} {[%emt 00:00:07]} 26. Rxc8+ {[%clk
00:43:49]} {[%emt 00:02:35]} Bxc8 {[%clk 00:41:02]} {[%emt 00:00:44]} 27. b4
{[%clk 00:41:06]} {[%emt 00:03:12]} axb4 {[%clk 00:37:56]} {[%emt 00:03:36]}
28. Nxb4 {[%clk 00:39:02]} {[%emt 00:02:34]} Bd7 {[%clk 00:36:54]} {[%emt
00:01:32]} 29. Be2 {[%clk 00:39:09]} {[%emt 00:00:23]} Nc6 {[%clk 00:36:19]}
{[%emt 00:01:06]} 30. Nxc6 {[%clk 00:38:48]} {[%emt 00:00:51]} Bxc6 {[%clk
00:35:20]} {[%emt 00:01:28]} 31. Qc2 {[%clk 00:34:13]} {[%emt 00:05:05]} Kg7
{[%clk 00:30:35]} {[%emt 00:05:16]} 32. Bd3 {[%clk 00:33:04]} {[%emt 00:01:39]}
Bd7 {[%clk 00:28:17]} {[%emt 00:02:49]} 33. Qb3 {[%clk 00:32:11]} {[%emt
00:01:22]} e5 {[%clk 00:24:00]} {[%emt 00:04:48]} 34. Bc2 {[%clk 00:30:30]}
{[%emt 00:02:10]} Be8 {[%clk 00:22:14]} {[%emt 00:02:18]} 35. Bf5 {[%clk
00:28:03]} {[%emt 00:02:56]} Bg6 {[%clk 00:16:08]} {[%emt 00:06:35]} 36. g4
{[%clk 00:27:46]} {[%emt 00:00:47]} exd4 {[%clk 00:13:16]} {[%emt 00:03:22]}
37. exd4 {[%clk 00:27:10]} {[%emt 00:01:06]} Bxf5 {[%clk 00:13:11]} {[%emt
00:00:36]} 38. gxf5 {[%clk 00:27:32]} {[%emt 00:00:07]} Qf4 {[%clk 00:13:17]}
{[%emt 00:00:24]} 39. Qxd5 {[%clk 00:13:33]} {[%emt 00:14:28]} Qc1+ {[%clk
00:13:39]} {[%emt 00:00:09]} 40. Kh2 {[%clk 00:13:57]} {[%emt 00:00:06]} Qf4+
{[%clk 00:14:04]} {[%emt 00:00:05]} 41. Kg1 {[%clk 00:14:10]} {[%emt 00:00:16]}
Qc1+ {[%clk 00:14:28]} {[%emt 00:00:07]} 42. Kh2 {[%clk 00:14:37]} {[%emt
00:00:04]} Qf4+ {[%clk 00:14:51]} {[%emt 00:00:06]} 1/2-1/2

[Event "Deutsche Ländermeisterschaft 2023"]
[Site "Hannover GER"]
[Date "2023.10.05"]
[Round "7"]
[White "Gallasch, Jonas"]
[Black "Nied, Pascal"]
[Result "1/2-1/2"]
[Termination "normal"]
[Board "1.2"]
[WhiteTitle "FM"]
[WhiteElo "2269"]
[BlackElo "2156"]
[WhiteClock "00:14:48"]
[BlackClock "00:15:39"]
[WhiteTeam "Nordrhein-Westfalen"]
[BlackTeam "Baden"]
[PlyCount "45"]
[WhiteFideId "16222474"]
[BlackFideId "16260597"]
[EventCountry "GER"]
[EventRounds "7"]
[EventType "team-swiss"]
[EventDate "2023.09.30"]

1. Nf3 {[%clk 01:30:53]} {[%emt 00:00:06]} d5 {[%clk 01:30:39]} {[%emt
00:00:22]} 2. c4 {[%clk 01:31:16]} {[%emt 00:00:07]} e6 {[%clk 01:31:05]}
{[%emt 00:00:04]} 3. g3 {[%clk 01:31:35]} {[%emt 00:00:11]} Nf6 {[%clk
01:31:30]} {[%emt 00:00:05]} 4. Bg2 {[%clk 01:32:02]} {[%emt 00:00:03]} d4
{[%clk 01:31:55]} {[%emt 00:00:05]} 5. O-O {[%clk 01:32:20]} {[%emt 00:00:11]}
Nc6 {[%clk 01:32:22]} {[%emt 00:00:04]} 6. d3 {[%clk 01:28:10]} {[%emt
00:04:40]} Bc5 {[%clk 01:31:55]} {[%emt 00:00:57]} 7. Na3 {[%clk 01:25:34]}
{[%emt 00:03:06]} O-O {[%clk 01:31:33]} {[%emt 00:00:51]} 8. Nc2 {[%clk
01:21:52]} {[%emt 00:04:13]} a5 {[%clk 01:31:30]} {[%emt 00:00:33]} 9. Bf4
{[%clk 00:59:55]} {[%emt 00:22:27]} Nd7 {[%clk 01:29:34]} {[%emt 00:02:25]} 10.
e3 {[%clk 00:54:12]} {[%emt 00:06:14]} dxe3 {[%clk 01:14:25]} {[%emt 00:15:39]}
11. Bxe3 {[%clk 00:47:52]} {[%emt 00:06:50]} e5 {[%clk 00:59:20]} {[%emt
00:15:34]} 12. d4 {[%clk 00:43:36]} {[%emt 00:04:46]} exd4 {[%clk 00:59:11]}
{[%emt 00:00:39]} 13. Nfxd4 {[%clk 00:43:24]} {[%emt 00:00:42]} Nxd4 {[%clk
00:51:19]} {[%emt 00:08:21]} 14. Bxd4 {[%clk 00:42:52]} {[%emt 00:01:02]} Bxd4
{[%clk 00:49:39]} {[%emt 00:02:10]} 15. Qxd4 {[%clk 00:42:31]} {[%emt
00:00:52]} Qf6 {[%clk 00:28:10]} {[%emt 00:21:59]} 16. Rfe1 {[%clk 00:39:07]}
{[%emt 00:03:54]} c6 {[%clk 00:24:52]} {[%emt 00:03:48]} 17. Rad1 {[%clk
00:36:23]} {[%emt 00:03:14]} Qxd4 {[%clk 00:21:49]} {[%emt 00:03:33]} 18. Rxd4
{[%clk 00:34:47]} {[%emt 00:02:06]} Nc5 {[%clk 00:14:21]} {[%emt 00:07:57]} 19.
Re5 {[%clk 00:34:09]} {[%emt 00:01:08]} Nd7 {[%clk 00:14:31]} {[%emt 00:00:21]}
20. Re7 {[%clk 00:26:07]} {[%emt 00:08:32]} Nc5 {[%clk 00:14:50]} {[%emt
00:00:10]} 21. Re5 {[%clk 00:18:08]} {[%emt 00:08:29]} Nd7 {[%clk 00:15:14]}
{[%emt 00:00:06]} 22. Re7 {[%clk 00:14:20]} {[%emt 00:04:18]} Nc5 {[%clk
00:15:39]} {[%emt 00:00:05]} 23. Re5 {[%clk 00:14:48]} {[%emt 00:00:02]}
1/2-1/2